| 000 | 00000nam 2200000zi 4500 |
| 001 | 9.954343 |
| 003 | CaOODSP |
| 005 | 20250903093541 |
| 006 | m o d f |
| 007 | cr mn||||||||| |
| 008 | 250820e20250219oncd obs f000 0 eng d |
| 040 | |aCaOODSP|beng|erda|cCaOODSP |
| 043 | |an-cn--- |
| 086 | 1 |aCS82-003/2025-2-2E-PDF |
| 100 | 1 |aColley, Rachel C., |eauthor. |
| 245 | 14|aThe health consequences of obesity history and weight fluctuations in adulthood / |cby Rachel C. Colley, Tracey Bushnik and Joel Barnes. |
| 264 | 1|a[Ottawa] : |bStatistics Canada = Statistique Canada, |cFebruary 19, 2025. |
| 264 | 4|c©2025 |
| 300 | |a1 online resource (pages 15-28) : |bgraphs. |
| 336 | |atext|btxt|2rdacontent |
| 337 | |acomputer|bc|2rdamedia |
| 338 | |aonline resource|bcr|2rdacarrier |
| 490 | 1 |aHealth reports, |x1209-1367 ; |vv. 36, no. 2, [2] |
| 500 | |aIssued also in French under title: Les conséquences sur la santé des antécédents d’obésité et de fluctuations du poids à l’âge adulte. |
| 504 | |aIncludes bibliographical references (pages 27-28). |
| 650 | 0|aObesity|zCanada|vStatistics. |
| 650 | 0|aObesity|xRisk factors|zCanada|vStatistics. |
| 655 | 7|aStatistics|2lcgft |
| 710 | 2 |aStatistics Canada, |eissuing body. |
| 775 | 08|tLes conséquences sur la santé des antécédents d’obésité et de fluctuations du poids à l’âge adulte / |w(CaOODSP)9.954344 |
| 830 | #0|aHealth reports (Series)|vv. 36, no. 2, [2].|w(CaOODSP)9.950253 |
| 856 | 40|qPDF|s1.75 MB|uhttps://publications.gc.ca/collections/collection_2025/statcan/82-003-x/CS82-003-2025-2-2-eng.pdf |
| 856 | 4 |qHTML|sN/A|uhttps://www150.statcan.gc.ca/n1/pub/82-003-x/2025002/article/00002-eng.htm |